Central Library OPAC University of Rajshahi

International migrations : (Record no. 58152)

MARC details
000 -LEADER
fixed length control field 00897cam a2200289I 4500
001 - CONTROL NUMBER
control field 58152
003 - CONTROL NUMBER IDENTIFIER
rucl marc code BD-RJUL
005 - DATE AND TIME OF LATEST TRANSACTION
control field 20211209080606.0
008 - FIXED-LENGTH DATA ELEMENTS--GENERAL INFORMATION
fixed length control field 161217s1955 nyub b 000 0 eng
035 ## - SYSTEM CONTROL NUMBER
System control number BD-RJUL 58276
System control number (OCoLC)01477869
040 ## - CATALOGING SOURCE
Original cataloging agency DLC
Transcribing agency DZM
Modifying agency OCL
-- MYG
Language of cataloging eng
041 ## - LANGUAGE CODE
Language code of text/sound track or separate title eng
082 ## - DEWEY DECIMAL CLASSIFICATION NUMBER
Classification number 325
Edition number 23
Author mark and year TAI 1955
090 ## - LOCALLY ASSIGNED LC-TYPE CALL NUMBER (OCLC); LOCAL CALL NUMBER (OCLC)
Classification number (OCLC) (R) ; Classification number, CALL (RLIN) (NR) JV6032
Local cutter number (OCLC) ; Book number/undivided call number, CALL (RLIN) .T3x 1955
100 1# - MAIN ENTRY--PERSONAL NAME
Personal name Taft, Donald R.
Fuller form of name (Donald Reed),
Dates associated with a name 1886-
9 (RLIN) 172729
245 10 - TITLE STATEMENT
Title International migrations :
Remainder of title the immigrant in the modern world /
Statement of responsibility, etc. by Donald R. Taft [and] Richard Robbins.
260 ## - PUBLICATION, DISTRIBUTION, ETC. (IMPRINT)
Place of publication, distribution, etc. New York :
Name of publisher, distributor, etc. Ronald Press Co.,
Date of publication, distribution, etc. [c1955]
300 ## - PHYSICAL DESCRIPTION
Pagination viii, 670 p. :
Illustrations ill. ;
Size 24 cm.
504 ## - BIBLIOGRAPHY, ETC. NOTE
Bibliography, etc Includes bibliographies.
650 #0 - SUBJECT ADDED ENTRY--TOPICAL TERM
Topical term or geographic name as entry element Emigration and immigration.
9 (RLIN) 172730
700 1# - ADDED ENTRY--PERSONAL NAME
Personal name Robbins, Richard.
942 ## - ADDED ENTRY ELEMENTS (KOHA)
Source of classification or shelving scheme Dewey Decimal Classification
Koha item type Books
946 ## - LOCAL PROCESSING INFORMATION (OCLC)
a t
949 ## - LOCAL PROCESSING INFORMATION (OCLC)
a c
p 39080021849366
Holdings
Lost status Source of classification or shelving scheme Damaged status Not for loan Collection code Permanent Location Current Location Shelving location Date acquired Source of acquisition Cost, normal purchase price Total Checkouts Full call number Date last seen Copy number Koha item type
  Dewey Decimal Classification   Not For Loan Non-fiction Central Library, University of Rajshahi Central Library, University of Rajshahi Reading Room 20/10/1959 Zeetlinger 94.00   325 TAI 1955 17/12/2016 C-1 Books